[Event "Rennes op 03th"]
[Site "Rennes"]
[Date "2010.07.21"]
[Round "8.10"]
[White "Platel, Alexandre"]
[Black "Rachid, Danial"]
[Result "1-0"]
[WhiteElo "2237"]
[BlackElo "2039"]
[PlyCount "55"]
[EventDate "2010.07.??"]
[EventType "swiss"]
[EventRounds "9"]
[EventCountry "FRA"]
[WhiteTeamCountry "FRA"]
[BlackTeamCountry "FRA"]

1. e4 e6 2. d4 d5 3. Nc3 Bb4 4. Nge2 dxe4 5. a3 Be7 6. Nxe4 Nf6 7. Nxf6+ Bxf6
8. Be3 O-O 9. Qd2 c5 10. Rd1 Nc6 11. dxc5 Qxd2+ 12. Rxd2 Bxb2 13. c3 Bxa3 14.
Ra2 Nb4 15. cxb4 Bxb4+ 16. Kd1 e5 17. Nc1 Rd8+ 18. Kc2 a5 19. Bc4 Bf5+ 20. Kb3
Rac8 21. Rg1 b6 22. cxb6 Rxc4 23. Kxc4 Be6+ 24. Kb5 Bd7+ 25. Ka6 Ra8+ 26. Kb7
Rc8 27. Rd1 Be6 28. Ka7 1-0

[Event "Rennes op 03th"]
[Site "Rennes"]
[Date "2010.07.23"]
[Round "9.1"]
[White "Karpatchev, Aleksandr"]
[Black "Pytel, Krzysztof"]
[Result "1/2-1/2"]
[WhiteElo "2476"]
[BlackElo "2360"]
[PlyCount "29"]
[EventDate "2010.07.??"]
[EventType "swiss"]
[EventRounds "9"]
[EventCountry "FRA"]
[WhiteTeamCountry "FRA"]
[BlackTeamCountry "FRA"]

1. e4 d5 2. exd5 Qxd5 3. Nc3 Qd6 4. d4 Nf6 5. Nf3 c6 6. Ne5 Nbd7 7. Nc4 Qc7 8.
Qf3 Nb6 9. Bf4 Qd7 10. O-O-O Qg4 11. Qxg4 Bxg4 12. Nxb6 axb6 13. f3 Be6 14. a4
Rc8 15. Kb1 1/2-1/2

[Event "Rennes op 03th"]
[Site "Rennes"]
[Date "2010.07.23"]
[Round "9.2"]
[White "Okhotnik, Vladimir"]
[Black "Milchev, Nikolay"]
[Result "0-1"]
[WhiteElo "2467"]
[BlackElo "2360"]
[PlyCount "92"]
[EventDate "2010.07.??"]
[EventType "swiss"]
[EventRounds "9"]
[EventCountry "FRA"]
[WhiteTeamCountry "FRA"]
[BlackTeamCountry "FRA"]

1. e4 d5 2. exd5 Qxd5 3. Nc3 Qd6 4. d4 Nf6 5. Bg5 a6 6. Qd2 Bf5 7. O-O-O Nc6 8.
Nf3 O-O-O 9. Bc4 e6 10. a3 Bg4 11. Ne5 Nxe5 12. dxe5 Qxd2+ 13. Rxd2 Rxd2 14.
Bxd2 Nd7 15. f4 h5 16. b4 g5 17. h3 Bf5 18. Re1 gxf4 19. Bxf4 a5 20. Na2 Nb6
21. Bf1 Nd5 22. Bd2 axb4 23. axb4 Bh6 24. Bxh6 Rxh6 25. c4 Nf4 26. Rd1 Rg6 27.
Rd2 Rg3 28. Rf2 Ng6 29. Kd2 Rb3 30. b5 Nxe5 31. Nc3 b6 32. Nd1 Kd7 33. Ne3 Bg6
34. Rf4 Kd6 35. Rh4 Kc5 36. Be2 Rb2+ 37. Ke1 Nd3+ 38. Kd1 Nf2+ 39. Ke1 Ne4 40.
Bxh5 Rb1+ 41. Bd1 Kd4 42. Nc2+ Kc3 43. Rf4 Nc5 44. Rf3+ Nd3+ 45. Ke2 Rb2 46. g4
Kxc4 0-1

[Event "Rennes op 03th"]
[Site "Rennes"]
[Date "2010.07.23"]
[Round "9.3"]
[White "Mladenov, Plamen"]
[Black "Lejarre, Ludovic"]
[Result "1-0"]
[WhiteElo "2363"]
[BlackElo "2385"]
[PlyCount "47"]
[EventDate "2010.07.??"]
[EventType "swiss"]
[EventRounds "9"]
[EventCountry "FRA"]
[WhiteTeamCountry "FRA"]
[BlackTeamCountry "FRA"]

1. c4 g6 2. Nc3 Bg7 3. g3 d6 4. Bg2 e5 5. d3 Nc6 6. Rb1 f5 7. e3 Nf6 8. Nge2
O-O 9. O-O Be6 10. Nd5 Qd7 11. b4 a6 12. Nec3 Rab8 13. Qa4 Qf7 14. Nxf6+ Bxf6
15. Bd2 e4 16. dxe4 fxe4 17. Nxe4 Bxc4 18. Rfc1 Bg7 19. f4 h6 20. Qc2 Bxa2 21.
Rb2 Bd5 22. Bc3 Rbe8 23. Nf6+ Bxf6 24. Bxd5 1-0

[Event "Rennes op 03th"]
[Site "Rennes"]
[Date "2010.07.23"]
[Round "9.4"]
[White "Song, Julien"]
[Black "Colin, Vincent"]
[Result "0-1"]
[WhiteElo "2347"]
[BlackElo "2425"]
[PlyCount "106"]
[EventDate "2010.07.??"]
[EventType "swiss"]
[EventRounds "9"]
[EventCountry "FRA"]
[WhiteTeamCountry "FRA"]
[BlackTeamCountry "FRA"]

1. d4 Nf6 2. c4 e6 3. Nf3 Bb4+ 4. Nbd2 O-O 5. e3 Re8 6. Be2 b6 7. O-O Bb7 8. a3
Bf8 9. b4 a5 10. b5 d6 11. a4 Nbd7 12. Ba3 e5 13. Nb3 exd4 14. exd4 Ne4 15. Rc1
Ng5 16. Nxg5 Qxg5 17. Bf3 d5 18. Bxf8 Nxf8 19. c5 Rad8 20. cxb6 cxb6 21. Rc7
Re7 22. Qc1 Qf6 23. Bg4 Rde8 24. Qc3 Qd6 25. Rxe7 Rxe7 26. Rc1 g6 27. g3 f5 28.
Bf3 Ne6 29. Re1 Ng5 30. Rxe7 Qxe7 31. Kg2 Ne4 32. Bxe4 dxe4 33. Qc4+ Qf7 34.
Qxf7+ Kxf7 35. Kf1 Ke6 36. Ke2 Kd5 37. Ke3 Kc4 38. Nd2+ Kb4 39. Kf4 Kxa4 40.
Ke5 Kxb5 41. d5 Kc5 42. d6 Bc6 43. Nb3+ Kc4 44. Nd4 Bd7 45. Ne6 a4 46. Nf8 Bc8
47. d7 Bxd7 48. Nxd7 a3 49. Nxb6+ Kd3 50. Nd5 Ke2 51. Kf4 Kxf2 52. Nc3 g5+ 53.
Kxf5 e3 0-1

[Event "Rennes op 03th"]
[Site "Rennes"]
[Date "2010.07.23"]
[Round "9.5"]
[White "Spassov, Liuben"]
[Black "Guezennec, Franck"]
[Result "1-0"]
[WhiteElo "2376"]
[BlackElo "2161"]
[PlyCount "49"]
[EventDate "2010.07.??"]
[EventType "swiss"]
[EventRounds "9"]
[EventCountry "FRA"]
[WhiteTeamCountry "FRA"]
[BlackTeamCountry "FRA"]

1. d4 Nf6 2. c4 c5 3. d5 b5 4. Qc2 d6 5. e4 Nbd7 6. Nf3 g6 7. cxb5 a6 8. a4 Bg7
9. Nc3 O-O 10. Bd2 axb5 11. Bxb5 Ba6 12. O-O Nb6 13. b3 Bxb5 14. Nxb5 Qd7 15.
Bc3 Rfc8 16. Rfc1 Ra6 17. h3 h6 18. Qb2 Kh7 19. Na3 c4 20. a5 cxb3 21. axb6
Rxb6 22. Nd4 Qa4 23. Nc6 Bh8 24. Nb1 Qc4 25. Nxe7 1-0

[Event "Rennes op 03th"]
[Site "Rennes"]
[Date "2010.07.23"]
[Round "9.6"]
[White "Marzolf, Bruno"]
[Black "Platel, Alexandre"]
[Result "0-1"]
[WhiteElo "2264"]
[BlackElo "2237"]
[PlyCount "84"]
[EventDate "2010.07.??"]
[EventType "swiss"]
[EventRounds "9"]
[EventCountry "FRA"]
[WhiteTeamCountry "FRA"]
[BlackTeamCountry "FRA"]

1. e4 c5 2. Nc3 e6 3. Nf3 a6 4. d4 cxd4 5. Nxd4 Qc7 6. Bd3 Nc6 7. Nxc6 dxc6 8.
O-O Nf6 9. Qe2 e5 10. Kh1 Bc5 11. Na4 Ba7 12. Bg5 b5 13. Nc3 Bg4 14. f3 Be6 15.
a4 b4 16. Nd1 a5 17. Bxf6 gxf6 18. Ne3 Qb6 19. Rae1 Qd4 20. Nc4 Bc5 21. f4 Bxc4
22. Bxc4 Bd6 23. f5 Bc5 24. Bb3 Ra7 25. Rd1 Qxb2 26. Rd3 Bd4 27. Rg3 Bc5 28.
Rd3 Bd4 29. Rfd1 Rd7 30. Qg4 Kf8 31. Rg3 Ke7 32. Qg7 Rf8 33. Rgd3 c5 34. g4 c4
35. Bxc4 Qxc2 36. Bb5 Qe2 37. h3 Qxe4+ 38. Kh2 Rc7 39. Kg3 h5 40. R3d2 Qf4+ 41.
Kh4 Bf2+ 42. Kxh5 Rh8+ 0-1

[Event "Rennes op 03th"]
[Site "Rennes"]
[Date "2010.07.23"]
[Round "9.7"]
[White "Barbot, Pierre"]
[Black "Mancini, Mario"]
[Result "1/2-1/2"]
[WhiteElo "2141"]
[BlackElo "2256"]
[PlyCount "86"]
[EventDate "2010.07.??"]
[EventType "swiss"]
[EventRounds "9"]
[EventCountry "FRA"]
[WhiteTeamCountry "FRA"]
[BlackTeamCountry "FRA"]

1. e4 c5 2. Nf3 e6 3. d4 cxd4 4. Nxd4 a6 5. Bd3 Bc5 6. Nb3 Be7 7. O-O d6 8. c4
Nf6 9. Nc3 Nbd7 10. f4 b6 11. Be3 Bb7 12. Qf3 O-O 13. Qh3 Rc8 14. g4 e5 15. f5
Ne8 16. Kh1 Bg5 17. Qg3 Bxe3 18. Qxe3 h6 19. Qg3 Nc7 20. Rae1 Qf6 21. h4 Nc5
22. Nxc5 dxc5 23. Rd1 Qe7 24. Qe3 Rfd8 25. Nd5 Nxd5 26. exd5 Rd6 27. Be4 b5 28.
b3 Rb6 29. Rg1 bxc4 30. bxc4 Rb8 31. Rb1 Bc8 32. h5 Rb4 33. Rb3 a5 34. Rgb1 Kf8
35. a3 Rxb3 36. Rxb3 Rxb3 37. Qxb3 Qb7 38. Qxb7 Bxb7 39. Kg2 Ba6 40. Bd3 Ke7
41. Kf3 Kd6 42. Ke4 Bc8 43. a4 Bd7 1/2-1/2

[Event "Rennes op 03th"]
[Site "Rennes"]
[Date "2010.07.23"]
[Round "9.8"]
[White "Auvray, Simon"]
[Black "Bratanov, Zsivko"]
[Result "0-1"]
[WhiteElo "2048"]
[BlackElo "2480"]
[PlyCount "86"]
[EventDate "2010.07.??"]
[EventType "swiss"]
[EventRounds "9"]
[EventCountry "FRA"]
[WhiteTeamCountry "FRA"]
[BlackTeamCountry "FRA"]

1. e4 g6 2. d4 Bg7 3. Nc3 d6 4. f4 Nf6 5. Nf3 O-O 6. e5 dxe5 7. fxe5 Nd5 8. Bc4
Be6 9. Nxd5 Bxd5 10. Bxd5 Qxd5 11. Qe2 b5 12. c3 a6 13. b3 Nc6 14. c4 bxc4 15.
bxc4 Qa5+ 16. Bd2 Qa3 17. Qe3 Qxe3+ 18. Bxe3 Na5 19. Rc1 Rab8 20. Bd2 Nc6 21.
Bc3 Nb4 22. Bxb4 Rxb4 23. Rf1 Rfb8 24. Rf2 Bh6 25. a3 Rb3 26. Ra1 Rc3 27. Raa2
Rc1+ 28. Ke2 Rb3 29. Rf1 Rxc4 30. Rd1 Rcc3 31. a4 a5 32. Ne1 c5 33. Nf3 cxd4
34. Rxd4 Re3+ 35. Kd1 Rb1+ 36. Kc2 Rf1 37. Rb2 Kg7 38. Rd7 Ra3 39. Rbb7 Rf2+
40. Kb1 Rxg2 41. Nd4 Bg5 42. e6 Rxa4 43. exf7 Bf6 0-1

[Event "Rennes op 03th"]
[Site "Rennes"]
[Date "2010.07.23"]
[Round "9.9"]
[White "Piankov, Evgenij"]
[Black "Bourgois, Bastien"]
[Result "1-0"]
[WhiteElo "2324"]
[BlackElo "1964"]
[PlyCount "87"]
[EventDate "2010.07.??"]
[EventType "swiss"]
[EventRounds "9"]
[EventCountry "FRA"]
[WhiteTeamCountry "FRA"]
[BlackTeamCountry "FRA"]

1. d4 d5 2. Nf3 Nf6 3. Bf4 Bf5 4. e3 e6 5. c4 c6 6. Qb3 Qb6 7. Nc3 Be7 8. c5
Qxb3 9. axb3 Nbd7 10. h3 Ne4 11. b4 Nxc3 12. bxc3 O-O 13. b5 Nb8 14. bxc6 Nxc6
15. Bb5 f6 16. O-O g5 17. Bg3 a6 18. Ba4 Rfc8 19. Ra2 Bd8 20. Rfa1 Kf7 21. Nd2
Bd3 22. Bb3 Bc7 23. Bxc7 Rxc7 24. c4 Ke8 25. cxd5 exd5 26. Rb2 Ne7 27. Ba4+ Kf7
28. Ra3 Bf5 29. Rab3 Ra7 30. Rb6 Nc8 31. Kh2 Bd7 32. Bb3 Bc6 33. e4 Ne7 34.
exd5 Nxd5 35. Ne4 Kg7 36. Bxd5 Bxd5 37. Nxf6 Bf7 38. Ne4 Rd7 39. Nxg5 Bd5 40.
Ne6+ Kf7 41. Nf4 Bc6 42. d5 Bxd5 43. Nxd5 Rxd5 44. Rxb7+ 1-0

[Event "Rennes op 03th"]
[Site "Rennes"]
[Date "2010.07.23"]
[Round "9.10"]
[White "Auvray, Juliette"]
[Black "Adrian, Claude"]
[Result "1/2-1/2"]
[WhiteElo "1990"]
[BlackElo "2292"]
[PlyCount "54"]
[EventDate "2010.07.??"]
[EventType "swiss"]
[EventRounds "9"]
[EventCountry "FRA"]
[WhiteTeamCountry "FRA"]
[BlackTeamCountry "FRA"]

1. e4 c5 2. Nf3 Nc6 3. d4 cxd4 4. Nxd4 g6 5. Nc3 Bg7 6. Be3 Nf6 7. Bc4 O-O 8.
Bb3 d6 9. f3 Bd7 10. Qd2 Nxd4 11. Bxd4 b5 12. O-O-O a5 13. e5 dxe5 14. Bxe5 a4
15. Bxf6 axb3 16. cxb3 Bxf6 17. Qxd7 Qa5 18. Qd2 Rfc8 19. Kb1 Bxc3 20. bxc3
Rxc3 21. Qb2 b4 22. Rhe1 Qf5+ 23. Re4 Rac8 24. Qd2 h5 25. h4 Qc5 26. Re2 e5 27.
Rde1 Qc6 1/2-1/2

[Event "Condom op 10th"]
[Site "Condom"]
[Date "2010.07.11"]
[Round "2.1"]
[White "Hamdouchi, Hicham"]
[Black "Fejzovski, Enver"]
[Result "1-0"]
[WhiteElo "2600"]
[BlackElo "2127"]
[PlyCount "71"]
[EventDate "2010.07.??"]
[EventType "swiss"]
[EventRounds "9"]
[EventCountry "FRA"]
[WhiteTeamCountry "FRA"]
[BlackTeamCountry "FRA"]

1. e4 a6 2. d4 e6 3. Nf3 c5 4. g3 cxd4 5. Nxd4 b6 6. Bg2 Bb7 7. O-O d6 8. Re1
Nd7 9. c4 Qc7 10. Nc3 Ngf6 11. b3 Be7 12. Bb2 h5 13. h3 g5 14. Qd2 g4 15. h4
Ne5 16. Rad1 Nfd7 17. a4 Nc5 18. Qc2 Rg8 19. Bc1 Rc8 20. Bf4 Qb8 21. Nd5 Bd8
22. Bc1 b5 23. axb5 axb5 24. Nxb5 exd5 25. exd5 Ncd7 26. Qh7 Nf6 27. Qf5 Be7
28. Bf4 Nfd7 29. Qxh5 Rc5 30. Nd4 Nf6 31. Qf5 Bc8 32. Qc2 Nfd7 33. h5 Kd8 34.
Nc6+ Nxc6 35. dxc6 Nf6 36. Rxe7 1-0

[Event "Condom op 10th"]
[Site "Condom"]
[Date "2010.07.11"]
[Round "2.4"]
[White "Marciniak, Gerard"]
[Black "Libiszewski, Fabien"]
[Result "0-1"]
[WhiteElo "2124"]
[BlackElo "2488"]
[PlyCount "60"]
[EventDate "2010.07.??"]
[EventType "swiss"]
[EventRounds "9"]
[EventCountry "FRA"]
[WhiteTeamCountry "FRA"]
[BlackTeamCountry "FRA"]

1. d4 e6 2. c4 c5 3. d5 exd5 4. cxd5 d6 5. Nc3 g6 6. e4 Bg7 7. Bd3 a6 8. a4 Nf6
9. Nge2 O-O 10. h3 Nbd7 11. O-O Rb8 12. a5 Ne5 13. Bb1 Nc4 14. Qa4 b5 15. axb6
Nxb6 16. Qc2 Re8 17. Ng3 h5 18. Bg5 Qc7 19. Qc1 Nc4 20. Bh6 Bxh6 21. Qxh6 Qe7
22. f4 Rxb2 23. e5 Ne3 24. exf6 Qxf6 25. Bxg6 Rxg2+ 26. Kh1 fxg6 27. Nce4 Rxe4
28. Nxe4 Qb2 29. Nf2 Bb7 30. Rad1 Nf5 0-1

[Event "Condom op 10th"]
[Site "Condom"]
[Date "2010.07.11"]
[Round "2.6"]
[White "Garrel, Alain"]
[Black "Bujisho, Benjamin"]
[Result "1/2-1/2"]
[WhiteElo "2093"]
[BlackElo "2418"]
[PlyCount "99"]
[EventDate "2010.07.??"]
[EventType "swiss"]
[EventRounds "9"]
[EventCountry "FRA"]
[WhiteTeamCountry "FRA"]
[BlackTeamCountry "FRA"]

1. d4 Nf6 2. Bf4 d6 3. e3 g6 4. Nd2 Bg7 5. h3 O-O 6. Ngf3 c5 7. c3 b6 8. Be2
Bb7 9. O-O Nbd7 10. a4 a6 11. Qb1 Qc7 12. Bh2 Rad8 13. e4 Qc8 14. Re1 d5 15. e5
Ne8 16. e6 fxe6 17. Ng5 cxd4 18. cxd4 Bxd4 19. Nxe6 Bxf2+ 20. Kh1 Bxe1 21. Qxe1
Ndf6 22. Bg4 Nxg4 23. hxg4 Rf6 24. Nxd8 Qxd8 25. g5 Rc6 26. Nf3 Ng7 27. Nd4 Rc4
28. Rd1 Qd7 29. b3 Rc8 30. Be5 Nf5 31. Qe2 Re8 32. g4 Nxd4 33. Rxd4 Rf8 34. Kh2
Qc6 35. Bf4 Rf7 36. Kg3 Qc3+ 37. Rd3 Qb4 38. Qe5 Qc5 39. Be3 d4 40. Bxd4 Qxe5+
41. Bxe5 Rf1 42. Bc7 b5 43. axb5 axb5 44. Bd8 e6 45. Rd7 Bd5 46. Bf6 Rf3+ 47.
Kh2 Bxb3 48. Rd8+ Kf7 49. Rd7+ Ke8 50. Rd8+ 1/2-1/2

[Event "Condom op 10th"]
[Site "Condom"]
[Date "2010.07.11"]
[Round "2.7"]
[White "Daskevics, Vadims"]
[Black "Le Bail, Clara"]
[Result "1-0"]
[WhiteElo "2414"]
[BlackElo "2061"]
[PlyCount "77"]
[EventDate "2010.07.??"]
[EventType "swiss"]
[EventRounds "9"]
[EventCountry "FRA"]
[WhiteTeamCountry "FRA"]
[BlackTeamCountry "FRA"]

1. Nf3 d5 2. c4 c6 3. e3 Nf6 4. Nc3 e6 5. b3 Be7 6. Bb2 O-O 7. Rg1 c5 8. g4 Nc6
9. g5 Ne8 10. d4 cxd4 11. exd4 Nc7 12. Qd2 b6 13. O-O-O a5 14. Ne5 Bb7 15. f4
dxc4 16. bxc4 Nxe5 17. fxe5 Rc8 18. Kb1 Na6 19. h4 Bf3 20. Rc1 Bc5 21. Nb5 Bb7
22. Qe3 Be7 23. h5 Nc7 24. Nc3 Ne8 25. Bd3 g6 26. Be4 Qd7 27. Bxb7 Qxb7 28. Ne4
Kg7 29. Rh1 Nc7 30. Rh4 Rh8 31. Rch1 h6 32. Nf6 Ne8 33. hxg6 fxg6 34. gxh6+ Kf7
35. d5 Bxf6 36. dxe6+ Kxe6 37. exf6+ Kf7 38. Re1 Rc7 39. Qe6+ 1-0

[Event "Condom op 10th"]
[Site "Condom"]
[Date "2010.07.11"]
[Round "2.8"]
[White "Forestie, Pierre"]
[Black "Samolins, Vitalijs"]
[Result "1-0"]
[WhiteElo "2076"]
[BlackElo "2408"]
[PlyCount "99"]
[EventDate "2010.07.??"]
[EventType "swiss"]
[EventRounds "9"]
[EventCountry "FRA"]
[WhiteTeamCountry "FRA"]
[BlackTeamCountry "FRA"]

1. e4 e5 2. Nf3 Nc6 3. Bc4 Bc5 4. Nc3 Nf6 5. d3 d6 6. Bg5 h6 7. Be3 O-O 8. Qd2
Kh7 9. h3 Nd4 10. Bxd4 Bxd4 11. Nxd4 exd4 12. Ne2 c5 13. Nf4 Nd7 14. O-O Ne5
15. Kh2 Qh4 16. f3 f5 17. g3 Qg5 18. Rad1 fxe4 19. fxe4 Bg4 20. hxg4 Nxg4+ 21.
Kh3 Ne3 22. Qe2 Qe5 23. Nd5 Nxd1 24. Qxd1 h5 25. Rf4 g6 26. Qf3 Rxf4 27. gxf4
Qg7 28. f5 Rf8 29. f6 Qh6 30. f7 Qg5 31. Nf6+ Kh6 32. Nd7 Kg7 33. Nxf8 Kxf8 34.
Qg3 Qf6 35. Kg2 b5 36. Bd5 a5 37. b3 h4 38. Qg4 h3+ 39. Kxh3 Qf1+ 40. Qg2 Qf4
41. Qxg6 Qf3+ 42. Kh4 Qf4+ 43. Kh5 Qh2+ 44. Kg4 Qg2+ 45. Kf5 Qh3+ 46. Qg4 Qh7+
47. Qg6 Qh3+ 48. Kf6 Qh4+ 49. Qg5 Qf2+ 50. Kg6 1-0

[Event "Condom op 10th"]
[Site "Condom"]
[Date "2010.07.11"]
[Round "2.10"]
[White "Vandervorst, Jean Marc"]
[Black "Houriez, Clement"]
[Result "1/2-1/2"]
[WhiteElo "2022"]
[BlackElo "2259"]
[PlyCount "51"]
[EventDate "2010.07.??"]
[EventType "swiss"]
[EventRounds "9"]
[EventCountry "FRA"]
[WhiteTeamCountry "FRA"]
[BlackTeamCountry "FRA"]

1. d4 Nf6 2. Nf3 g6 3. b3 Bg7 4. Bb2 d5 5. e3 b6 6. c4 e6 7. Nbd2 O-O 8. Qc2
Bb7 9. Rc1 c6 10. Be2 Nbd7 11. O-O Rc8 12. Rfd1 Qe7 13. Qb1 Rfd8 14. Ne5 Nxe5
15. dxe5 Nd7 16. f4 c5 17. Bf3 Ba8 18. Qc2 f6 19. exf6 Bxf6 20. Bxf6 Nxf6 21.
Qb2 d4 22. Bxa8 Rxa8 23. Nf3 dxe3 24. Qe2 Rxd1+ 25. Rxd1 Rd8 26. Re1 1/2-1/2

[Event "Condom op 10th"]
[Site "Condom"]
[Date "2010.07.11"]
[Round "2.21"]
[White "Dufour, Celine"]
[Black "Prieur, Axel"]
[Result "1/2-1/2"]
[WhiteElo "1619"]
[BlackElo "1715"]
[PlyCount "40"]
[EventDate "2010.07.??"]
[EventType "swiss"]
[EventRounds "9"]
[EventCountry "FRA"]
[WhiteTeamCountry "FRA"]
[BlackTeamCountry "FRA"]

1. e4 e5 2. Nf3 Nf6 3. Nc3 Bb4 4. a3 Bxc3 5. dxc3 d6 6. Bd3 Bg4 7. O-O O-O 8.
Re1 Re8 9. Bc4 d5 10. exd5 e4 11. h3 exf3 12. Rxe8+ Qxe8 13. hxg4 fxg2 14. Qf3
Qe1+ 15. Kxg2 Nbd7 16. Rb1 Re8 17. Ba2 Qe4 18. Qxe4 Rxe4 19. g5 Nh5 20. Be3 Ne5
1/2-1/2

[Event "Condom op 10th"]
[Site "Condom"]
[Date "2010.07.11"]
[Round "2.24"]
[White "Jouanneau, Armand"]
[Black "Moreau, Emilien"]
[Result "0-1"]
[WhiteElo "1757"]
[BlackElo "1887"]
[PlyCount "56"]
[EventDate "2010.07.??"]
[EventType "swiss"]
[EventRounds "9"]
[EventCountry "FRA"]
[WhiteTeamCountry "FRA"]
[BlackTeamCountry "FRA"]

1. e4 c5 2. Nf3 Nc6 3. d4 cxd4 4. Nxd4 Nf6 5. Nc3 e5 6. Ndb5 d6 7. Bg5 a6 8.
Na3 b5 9. Nd5 Be7 10. Bxf6 Bxf6 11. c3 Ne7 12. Nxe7 Qxe7 13. Nc2 Bb7 14. Qd3
O-O 15. Ne3 Bg5 16. Nd5 Bxd5 17. Qxd5 Rab8 18. Be2 Kh8 19. O-O f5 20. Rfd1 Rbd8
21. exf5 Rxf5 22. Bf3 Bh4 23. Rd2 Rf6 24. Re1 Rdf8 25. Qc6 Rxf3 26. Ree2 Rxf2
27. Rxf2 Bxf2+ 28. Rxf2 Qa7 0-1

[Event "Condom op 10th"]
[Site "Condom"]
[Date "2010.07.11"]
[Round "2.29"]
[White "Grezels, Florian"]
[Black "Broly, Marine"]
[Result "1-0"]
[WhiteElo "1857"]
[BlackElo "1730"]
[PlyCount "65"]
[EventDate "2010.07.??"]
[EventType "swiss"]
[EventRounds "9"]
[EventCountry "FRA"]
[WhiteTeamCountry "FRA"]
[BlackTeamCountry "FRA"]

1. e4 e5 2. Nf3 Nc6 3. Bc4 Bc5 4. c3 Nf6 5. d3 d6 6. O-O Bg4 7. b4 Bb6 8. a4 a5
9. b5 Ne7 10. Be3 d5 11. exd5 Nexd5 12. Bxb6 Nxb6 13. Bxf7+ Kxf7 14. Nxe5+ Kf8
15. Nxg4 Nxg4 16. Qxg4 Qxd3 17. Qf4+ Kg8 18. Qxc7 Nd5 19. Qxb7 Re8 20. Qc6 Kf7
21. c4 Nb4 22. Qc7+ Re7 23. Qf4+ Ke8 24. Ra3 Qd7 25. Re3 Rf8 26. Qb8+ Qd8 27.
Rxe7+ Kxe7 28. Qb7+ Qd7 29. Re1+ Kd8 30. Qb8+ Qc8 31. Qd6+ Qd7 32. Qxf8+ Kc7
33. Re7 1-0

[Event "Condom op 10th"]
[Site "Condom"]
[Date "2010.07.11"]
[Round "2.33"]
[White "Mevel, Mael"]
[Black "Broly, Mathilde"]
[Result "1-0"]
[WhiteElo "1836"]
[BlackElo "1681"]
[PlyCount "77"]
[EventDate "2010.07.??"]
[EventType "swiss"]
[EventRounds "9"]
[EventCountry "FRA"]
[WhiteTeamCountry "FRA"]
[BlackTeamCountry "FRA"]

1. e4 c5 2. Nf3 d6 3. d4 cxd4 4. Nxd4 Nf6 5. Nc3 g6 6. f4 Bg7 7. e5 Nh5 8. Bb5+
Bd7 9. e6 Bxb5 10. exf7+ Kxf7 11. Ndxb5 Rf8 12. Qd5+ e6 13. Nxd6+ Kg8 14. Qxe6+
Kh8 15. Nf7+ Rxf7 16. Qxf7 Nc6 17. O-O Qb6+ 18. Kh1 Rf8 19. Qb3 Qc7 20. Nd5 Qd7
21. Be3 b6 22. Rae1 Qg4 23. Nb4 Na5 24. Qd5 Qh4 25. Qg5 Qxg5 26. fxg5 Nc4 27.
Rxf8+ Bxf8 28. Bd4+ Kg8 29. Nd5 h6 30. Nf6+ Kf7 31. Nxh5 gxh5 32. Rf1+ Kg8 33.
g6 Be7 34. Rf7 Bf8 35. Rh7 Bg7 36. Rxg7+ Kf8 37. Rh7 Nd6 38. Rh8+ Ke7 39. g7
1-0

[Event "Condom op 10th"]
[Site "Condom"]
[Date "2010.07.11"]
[Round "2.35"]
[White "Ranc, Florian"]
[Black "Boutillon, Nathanael"]
[Result "1/2-1/2"]
[WhiteElo "1815"]
[BlackElo "1628"]
[PlyCount "38"]
[EventDate "2010.07.??"]
[EventType "swiss"]
[EventRounds "9"]
[EventCountry "FRA"]
[WhiteTeamCountry "FRA"]
[BlackTeamCountry "FRA"]

1. b3 e5 2. Bb2 Nc6 3. e3 d5 4. Bb5 Bd6 5. f4 Qe7 6. Nf3 Bg4 7. fxe5 Bxe5 8. d4
Bf6 9. Qe2 Bg5 10. Nc3 Nf6 11. Nd1 O-O 12. Bxc6 bxc6 13. O-O Rfe8 14. Bc1 Ne4
15. Qa6 Bxf3 16. gxf3 Qe6 17. fxe4 Qg4+ 18. Kh1 Qxe4+ 19. Kg1 Qg4+ 1/2-1/2

[Event "Condom op 10th"]
[Site "Condom"]
[Date "2010.07.11"]
[Round "2.37"]
[White "Lafuma, Antoine"]
[Black "Broly, Jean-Christophe"]
[Result "0-1"]
[WhiteElo "1784"]
[BlackElo "1551"]
[PlyCount "56"]
[EventDate "2010.07.??"]
[EventType "swiss"]
[EventRounds "9"]
[EventCountry "FRA"]
[WhiteTeamCountry "FRA"]
[BlackTeamCountry "FRA"]

1. e4 g6 2. d4 d6 3. Nf3 Bg7 4. Bd3 Nf6 5. O-O a6 6. Nc3 O-O 7. Re1 b5 8. e5
Nfd7 9. e6 fxe6 10. Be4 c6 11. d5 Nc5 12. dxc6 Nxe4 13. Nxe4 Nxc6 14. Neg5 Ne5
15. Nxe5 Bxe5 16. f4 Bxf4 17. Nxe6 Bxe6 18. Rxe6 Bxc1 19. Rxc1 Qc7 20. Qe2 Qc5+
21. Kh1 Rf2 22. Qe4 Raf8 23. Rxg6+ Kh8 24. h3 hxg6 25. Qxg6 Rf1+ 26. Rxf1 Rxf1+
27. Kh2 Qe5+ 28. Qg3 Rh1+ 0-1

[Event "Condom op 10th"]
[Site "Condom"]
[Date "2010.07.12"]
[Round "4.16"]
[White "Lacroix, Romain"]
[Black "Viers, Emmanuel"]
[Result "1-0"]
[WhiteElo "2157"]
[BlackElo "1844"]
[PlyCount "34"]
[EventDate "2010.07.??"]
[EventType "swiss"]
[EventRounds "9"]
[EventCountry "FRA"]
[WhiteTeamCountry "FRA"]
[BlackTeamCountry "FRA"]

1. e4 c5 2. Nf3 Nc6 3. Bb5 a6 4. Bxc6 bxc6 5. O-O d5 6. exd5 cxd5 7. d4 e6 8.
c4 dxc4 9. Qa4+ Bd7 10. Qc2 cxd4 11. Nxd4 Bd6 12. Nc3 Bxh2+ 13. Kxh2 Qh4+ 14.
Kg1 Qxd4 15. Rd1 Qg4 16. Ne4 Bc6 17. f3 Bxe4 1-0

[Event "Condom op 10th"]
[Site "Condom"]
[Date "2010.07.12"]
[Round "4.35"]
[White "Calatrava, Julian"]
[Black "Broly, Mathilde"]
[Result "1-0"]
[WhiteElo "1868"]
[BlackElo "1681"]
[PlyCount "31"]
[EventDate "2010.07.??"]
[EventType "swiss"]
[EventRounds "9"]
[EventCountry "FRA"]
[WhiteTeamCountry "FRA"]
[BlackTeamCountry "FRA"]

1. e4 c5 2. Nf3 d6 3. d4 cxd4 4. Nxd4 Nf6 5. Nc3 g6 6. Be2 Bg7 7. Be3 Nc6 8.
O-O O-O 9. Nxc6 bxc6 10. h3 Bb7 11. f4 d5 12. e5 Ne4 13. Nxe4 dxe4 14. Qe1 f5
15. exf6 Rxf6 16. Qg3 1-0

[Event "Avoine op 25th"]
[Site "Avoine"]
[Date "2010.07.17"]
[Round "1.28"]
[White "Giua, Stephanie"]
[Black "Le Borgne, Pierre"]
[Result "0-1"]
[WhiteElo "1962"]
[BlackElo "2216"]
[PlyCount "44"]
[EventDate "2010.07.??"]
[EventType "swiss"]
[EventRounds "9"]
[EventCountry "FRA"]
[WhiteTeamCountry "FRA"]
[BlackTeamCountry "FRA"]

1. e4 c5 2. Nc3 a6 3. g3 Nc6 4. Bg2 g6 5. d3 Bg7 6. f4 b5 7. e5 Bb7 8. Nf3 Nh6
9. Ne4 d6 10. c3 O-O 11. O-O Qc7 12. Kh1 Rad8 13. Qe2 Bc8 14. h3 Kh8 15. Bd2 f6
16. exd6 exd6 17. Be3 Rfe8 18. Qd2 Re7 19. Rae1 Rde8 20. Nf2 Nf5 21. Ne4 Nxe3
22. Qxe3 f5 0-1